000 00970nam1a22002291i 4500
001 rc\86678
005 20260406111120.0
010 _a5300008141
_936000
035 _a(NLR Aleph) 005391484
090 _a7190744
_c7190744
100 _a20021216d1996 u |0rusy50 ca
101 0 _arus
102 _aRU
105 _ay |||||||||
200 1 _aПолитическая история
_eРоссия - СССР - Рос. Федерация
_e[В 2 т.]
_fРос. независимый ин-т соц. и нац. проблем, Центр полит. и экон. истории России, Науч. центр "Руссика"
210 _aМ.
_cИзд. центр "Терра"
_d1996
215 _d21
712 0 2 _aРоссийский независимый институт социальных и национальных проблем
_3RU\NLR\AUTH\886465
_9284775
801 0 _aRU
_bNLR
_gpsbo
801 1 _aRU
_bELAR
_2rusmarc
852 _aNLR
_j96-3/13263
942 _cBOOK